000
00239nmm a2200085Ia 4500
008
220120s9999||||xx |||||||||||||||||und||
100
_a
Digit
245
0
_a
Get programming, 15 plus programming IDES, 20 plus pdf guide
260
_a
Nine dot Nine
999
_c
139953
_d
139953